Novena del niño Dios: preparando la navidad en familia
Gardado en:
| Autor Principal: | |
|---|---|
| Formato: | Libro |
| Idioma: | Lingua castelá |
| Publicado: |
Santiago
Patris
1995
|
| Edición: | 1a. ed |
| Subjects: | |
| Tags: |
Engadir etiqueta
Sen Etiquetas, Sexa o primeiro en etiquetar este rexistro!
|
MARC
| LEADER | 00000cam a2200000 a 4500 | ||
|---|---|---|---|
| 001 | UCL4404 | ||
| 003 | CL-VaPUC | ||
| 008 | 040116e19950000CL |||||||||||||||||spa|d | ||
| 020 | |a 9562461386 | ||
| 082 | 0 | 4 | |a 264.7 |b ALL |2 21 |
| 100 | 0 | |a Alliende Luco, Joaquín |e author |9 481930 | |
| 245 | 1 | 0 | |a Novena del niño Dios: preparando la navidad en familia |
| 250 | |a 1a. ed | ||
| 300 | |a 43 p | ||
| 942 | |c BK | ||
| 945 | |d 20040116 00:00:00 |a rbrito | ||
| 260 | |a Santiago |b Patris |c 1995 | ||
| 650 | 0 | |a Ceremonias religiosas |9 337235 | |
| 650 | 0 | |a Navidad |9 355004 | |
| 583 | |a last modification |c 20170706 01:57:12 |k Rodrigo Vera | ||
| 999 | |c 307251 |d 307249 | ||
| 952 | |0 0 |1 0 |4 0 |6 264_700000000000000_ALL_1995 |7 0 |8 A |9 373022 |a BIBTEO |b BIBTEO |d 2019-11-21 |i 2087863 |o 264.7 ALL 1995 |p 2087863 |r 2025-01-17 |w 2019-11-21 |y BK |k ICR | ||
| 952 | |0 0 |1 0 |3 erb |4 0 |6 264_700000000000000_ALL_1995 |7 0 |8 X |9 373023 |a FDOBUD |b FDOBUD |i 5407125 |o 264.7 ALL 1995 |p 5407125 |r 2019-11-21 |w 2019-11-21 |y BK_X |z Catalogado en:20170709 |k BUD | ||